Traditional Indian textiles

Bibliographic Details
Main Author: Gillow, John
Other Authors: Barnard, Nicholes
Format: Book
Published: London : Thames and Hudson , 1993
Subjects:

MARC

LEADER 00000cam a2200000 7i4500
001 0000004172
002 000004487
005 20000330.0
020 |a 0500277095 
090 0 0 |a 746.04   |b GIL 
100 1 |a Gillow, John 
245 1 0 |a Traditional Indian textiles   |c John Gillow 
260 |a London :   |b Thames and Hudson ,   |c 1993 
300 |a 160p. :   |b ill. ;   |c 31cm. 
650 0 0 |a Textile design   |z India 
700 1 |a Barnard, Nicholes 
999 |a 033466   |b BUKU   |c PINJAMAN   |e PERPUSTAKAAN KOMUNITI PETALING JAYA